Συστήματα κινητών επικοινωνιών

Αποθηκεύτηκε σε:
Λεπτομέρειες βιβλιογραφικής εγγραφής
Κύριοι συγγραφείς: Κανάτας, Αθανάσιος, Κωνσταντίνου, Φίλιππος Ε., 1946-2014 (Συγγραφέας), Πάντος, Γεώργιος (Συγγραφέας)
Μορφή: Βιβλίο
Γλώσσα:Greek
Δημοσίευση: Αθήνα : Παπασωτηρίου, 2013.
Έκδοση:2η εκδ.
Θέματα:
Ετικέτες: Προσθήκη ετικέτας
Δεν υπάρχουν, Καταχωρήστε ετικέτα πρώτοι!

MARC

LEADER 00000cam a2200000 i 4500
001 1/63664
008 150115s2013####gr | ||| |||| ||gre||
020 |a 9789604910861  
035 |l 10120453 
040 |a GR-MyUA  |b gre  |e AACR2 
041 0 |a gre 
082 0 |a 621.38456   |2 (22) 
100 1 |a Κανάτας, Αθανάσιος. 
245 1 0 |a Συστήματα κινητών επικοινωνιών /   |c Αθανάσιος Κανάτας, Φίλιππος Κωνσταντίνου, Γεώργιος Πάντος.  
250 |a 2η εκδ.  
260 |a Αθήνα :   |b Παπασωτηρίου,   |c 2013.  
300 |a xxii, 850 σ. :   |b σχέδια, πιν. ;   |c 24 εκ.  
504 |a Βιβλιογραφία : σ. 818-819. Ευρετήριο.  
650 0 0 |a Mobile communication systems. 
650 0 0 |a Global system for mobile communications. 
650 0 0 |a Cellular telephone systems. 
650 0 0 |a Telecommunication. 
700 1 |a Κωνσταντίνου, Φίλιππος Ε.,   |d 1946-2014,  |e aut 
700 1 |a Πάντος, Γεώργιος,  |e aut 
852 |a INST  |b LESVOS  |c EUDOXUS  |e 20160120  |h 621.38456 ΚΑΝ  |p 005100057174  |q 005100057174  |t EDX  |y 0 
852 |a INST  |b LESVOS  |c EUDOXUS  |e 20160520  |h 621.38456 ΚΑΝ  |p 005100057631  |q 005100057631  |t EDX  |y 0 
852 |a INST  |b SAMOS  |c EUDOXUS  |e 20150115  |h 621.38456 ΚΑΝ  |p 005300041227  |q 005300041227  |t EDX  |y 0 
852 |a INST  |b SAMOS  |c EUDOXUS  |e 20150115  |h 621.38456 ΚΑΝ  |p 005300041228  |q 005300041228  |t EDX  |y 0 
852 |a INST  |b SAMOS  |c EUDOXUS  |e 20170123  |h 621.38456 ΚΑΝ  |p 005300044222  |q 005300044222  |t EDX  |y 23 
852 |a INST  |b SAMOS  |c EUDOXUS  |e 20180201  |h 621.38456 ΚΑΝ  |p 005300045127  |q 005300045127  |t EDX  |y 0 
852 |a INST  |b SAMOS  |c EUDOXUS  |e 20180201  |h 621.38456 ΚΑΝ  |p 005300045128  |q 005300045128  |t EDX  |y 0 
901 |a BIBL3-2015-1 
909 |a Σ  |b 185826 
909 |a Σ  |b 185827 
920 |a Εύδοξος  |b Παραγγελία  |y Λέσβος-ΤΠΤΕ  |z 2016-01 
920 |a Εύδοξος  |b Παραγγελία  |y Λέσβος-ΤΠΤΕ  |z 2016-05 
920 |a ΕΥΔΟΞΟΣ  |b ΠΑΡΑΓΓΕΛΙΑ  |y Σάμος-ΤΜΠΕΣ  |z 2014-12 
920 |a Εύδοξος  |b Παραγγελία  |y Σάμος-ΤΜΠΕΣ  |z 2017-01 
920 |a Εύδοξος  |b Παραγγελία  |y Σάμος-ΤΜΠΕΣ  |z 2018-01 
970 |a ΚΟΣΙΕΡΗΣ  |b ΧΡΗΣΤΟΣ  |z 2015/01/15